[Event "Reykjavik"]
[Site "Reykjavik"]
[Date "1992.??.??"]
[Round "3"]
[White "Thorhallsson, Throstur"]
[Black "Arnason, Jon L"]
[Result "1/2-1/2"]
[WhiteElo "2425"]
[BlackElo "2515"]

1.e4 c5 2.Nf3 d6 3.d4 cxd4 4.Nxd4 Nf6 5.Nc3 a6 6.Be3 e6 7.g4 e5 8.Nf5 g6
9.g5 gxf5 10.exf5 d5 11.gxf6 d4 12.Bc4 Qxf6 13.Nd5 Qc6 14.Bxd4 Bb4+ 15.c3 Qxc4
16.Be3 Be7 17.Nb6 Qc6 18.Rg1 Nd7 19.Nxa8 b5 20.Qd5 Qb7 21.O-O-O Bd8 22.f6 Qxd5
23.Rxd5 Bb7 24.Rd6 Bxa8 25.Rgd1 Bf3 26.Rxd7 Bxd1 27.Rxd1 Rg8 28.Rd6 Rg2 29.h3 Rh2
30.Kd2 Rxh3 31.Bb6 Bxb6 32.Rxb6 e4 33.Rxa6 e3+ 34.fxe3 Rh2+ 35.Kc1 Kd7 36.a4 bxa4
37.Rxa4 h5 38.Re4 h4 39.Re7+ Kd6 40.Rxf7 Ke6 41.Rh7 Kxf6 42.Kb1 Kg6 43.Rh8 Kg7
44.Rh5 Kg6 45.Rh8 Kg7 46.Rd8 h3 47.Rd1 Re2 48.c4 h2 49.Rh1 Kf6 50.Ka2 Ke5
51.Ka3 Rxe3+ 52.Ka4 Rh3 53.Kb5 Kd6 54.b4 Kc7 55.c5 Rh4 56.Ka4 Kc6 57.Kb3 Kb5
58.Kc2 Rh3 59.Kd2 Ra3 60.Ke2 Ra4 61.Kf2 Rxb4 62.Rxh2 Rb2+ 63.Kg3 Rxh2 64.Kxh2 Kxc5  1/2-1/2

[Event "Reykjavik"]
[Site "Reykjavik"]
[Date "1992.??.??"]
[Round "10"]
[White "Arnason, Jon L"]
[Black "Olafsson, Helgi"]
[Result "1/2-1/2"]
[WhiteElo "2515"]
[BlackElo "2525"]

1.e4 c5 2.Nf3 d6 3.d4 cxd4 4.Nxd4 Nf6 5.Nc3 a6 6.Be3 e6 7.Qd2 b5 8.f3 Nbd7
9.g4 h6 10.O-O-O Bb7 11.h4 b4 12.Nce2 d5 13.Ng3 Qa5 14.Kb1 dxe4 15.g5 hxg5
16.hxg5 Rxh1 17.Nxh1 Nd5 18.g6 O-O-O 19.fxe4 Nxe3 20.Qxe3 Nc5 21.Nf2 fxg6
22.Bh3 Kb8 23.Qg5 Ka8 24.Bxe6 b3 25.axb3 Rxd4 26.Rxd4 Qe1+ 27.Rd1 Nxe6 28.Qxg6 Qxf2
29.Qxe6 Ka7 30.Rd7  1/2-1/2

[Event "ROM-chT"]
[Site "?"]
[Date "1992.??.??"]
[Round "?"]
[White "Moldovan, Daniel"]
[Black "Ardeleanu, Alin"]
[Result "0-1"]
[WhiteElo "2450"]
[BlackElo "2350"]

1.e4 c5 2.Nf3 d6 3.d4 Nf6 4.Nc3 cxd4 5.Nxd4 a6 6.Be3 e5 7.Nb3 Be7 8.f3 Be6
9.Qd2 O-O 10.O-O-O a5 11.Qf2 a4 12.Nc5 a3 13.b3 Qc8 14.Nxe6 Qxc3 15.Nxf8 Nc6
16.Qe1 Qb2+ 17.Kd2 d5 18.Ke2 Bb4 19.Bd2 Qxc2 20.Kf2 dxe4  0-1

[Event "Roses"]
[Site "Roses"]
[Date "1992.??.??"]
[Round "5"]
[White "Vehi Bach, Victor Manuel"]
[Black "Pablo Marin, Alejandro"]
[Result "0-1"]
[WhiteElo "2390"]
[BlackElo "2365"]

1.e4 c5 2.Nf3 d6 3.d4 cxd4 4.Nxd4 Nf6 5.Nc3 a6 6.Be3 e5 7.Nb3 Be6 8.Qd2 Nbd7
9.O-O-O Rc8 10.f3 b5 11.Nd5 Bxd5 12.exd5 Nb6 13.Bxb6 Qxb6 14.Kb1 Be7 15.Bd3 O-O
16.h4 b4 17.Bf5 Rc7 18.h5 a5 19.g4 a4 20.Nc1 Rc5 21.Be4 Rfc8 22.Rh2 Nxe4
23.fxe4 h6 24.Qd3 Bg5 25.Rg2 R8c7 26.Rf1 Rc4 27.Re1 Qc5 28.Rge2 Rd4 29.Qf3 Bd2  0-1

[Event "San Bernardino op"]
[Site "San Bernardino"]
[Date "1992.??.??"]
[Round "6"]
[White "Dutreeuw, Marc"]
[Black "Chudinovskih, Alexander"]
[Result "1/2-1/2"]
[WhiteElo "2425"]
[BlackElo "2325"]

1.e4 c5 2.Nf3 d6 3.d4 cxd4 4.Nxd4 Nf6 5.Nc3 a6 6.Be3 e6 7.a4 b6 8.a5 b5 9.Ndxb5 axb5
10.Bb6 Qe7 11.Nxb5 Na6 12.Bd3 Qb7 13.O-O Be7 14.Nxd6+ Bxd6 15.Bxa6 Qe7 16.Bb5+ Bd7
17.Qe2 Bxb5 18.Qxb5+ Qd7 19.Qe2 Be7 20.b4 Qc6 21.b5 Qxe4 22.Qxe4 Nxe4 23.c4 Bc5
24.Rfe1 Ke7 25.Bxc5+ Nxc5 26.a6 Rhb8 27.f3 f6 28.Red1 Ra7 29.Kf2 Rd8 30.Ke3 e5
31.Rxd8 Kxd8 32.Rd1+ Kc7 33.Rd5 Kb6 34.Rd6+ Ka5 35.Rc6 Kb4 36.b6 Rxa6 37.b7 Ra3+
38.Kf2 Nxb7 39.Rb6+ Kxc4 40.Rxb7 g5  1/2-1/2

[Event "Shenzhen"]
[Site "Shenzhen"]
[Date "1992.??.??"]
[Round "6"]
[White "Wang Zili"]
[Black "Lin Weiguo"]
[Result "0-1"]
[WhiteElo "2505"]
[BlackElo "2495"]

1.e4 c5 2.Nf3 d6 3.d4 cxd4 4.Nxd4 Nf6 5.Nc3 a6 6.Be3 e5 7.Nb3 Be7 8.f3 O-O
9.Qd2 Nbd7 10.g4 b5 11.g5 b4 12.gxf6 bxc3 13.Qd5 Nxf6 14.Qxa8 cxb2 15.Rb1 d5
16.Qc6 dxe4 17.Bb6 Qd5 18.Qxd5 Nxd5 19.Bc5 Bh4+ 20.Bf2 Nc3 21.Bxh4 Nxb1 22.fxe4 Be6
23.Bd3 Nc3 24.Nd2 Bxa2 25.Rg1 f5 26.Be7 fxe4 27.Bb4 exd3 28.Bxc3 b1=Q+  0-1

[Event "Shenzhen"]
[Site "Shenzhen"]
[Date "1992.??.??"]
[Round "8"]
[White "Xie Jun"]
[Black "Lin Weiguo"]
[Result "0-1"]
[WhiteElo "2480"]
[BlackElo "2495"]

1.e4 c5 2.Nf3 d6 3.d4 cxd4 4.Nxd4 Nf6 5.Nc3 a6 6.Be3 e5 7.Nf3 Qc7 8.a4 Be7
9.a5 O-O 10.Be2 Qc6 11.Bg5 Be6 12.Bxf6 Bxf6 13.O-O Nd7 14.Qd2 Rac8 15.Rfd1 Be7
16.Ne1 Nc5 17.Bf3 g6 18.Ra3 Kg7 19.Nd5 Bxd5 20.exd5 Qc7 21.c4 Nd7 22.Be2 f5
23.b4 Bf6 24.f4 exf4 25.Qxf4 Rfe8 26.Qd2 Nc5 27.Nf3 Ne4 28.Qd3 b5 29.cxb5 axb5
30.Nd4 Qa7 31.Qe3 Bxd4 32.Qxd4+ Qxd4+ 33.Rxd4 Rc1+ 34.Bf1 Nc3 35.Kf2 Ne4+
36.Kg1 Nf6 37.Rdd3 Ree1 38.Rf3 Nxd5 39.a6 Ra1 40.Rxa1 Rxa1 41.Rd3 Nxb4 42.Rxd6 Nxa6
43.Kf2 Nc5 44.Rb6 Ne4+ 45.Ke2 h5 46.g3 Ra2+  0-1

[Event "SLO-chT"]
[Site "SLO"]
[Date "1992.??.??"]
[Round "?"]
[White "Rozman, Edo"]
[Black "Novina, V."]
[Result "1/2-1/2"]
[WhiteElo "2150"]
[BlackElo "2150"]

1.e4 c5 2.Nf3 d6 3.d4 cxd4 4.Nxd4 Nf6 5.Nc3 a6 6.Be3 e5 7.Nb3 Be7 8.Be2 O-O
9.O-O Be6 10.Bf3 Nbd7 11.Qd2 Rc8 12.Rfd1 Qc7 13.Rac1 b5 14.h3 h6 15.g4 Nb6  1/2-1/2

[Event "SLO-chT"]
[Site "SLO"]
[Date "1992.??.??"]
[Round "?"]
[White "Marjanovic, Slavoljub"]
[Black "Kosmac, P."]
[Result "0-1"]
[WhiteElo "2150"]
[BlackElo "2150"]

1.e4 c5 2.Nf3 d6 3.d4 cxd4 4.Nxd4 Nf6 5.Nc3 a6 6.Be3 b5 7.f3 e5 8.Nb3 Be6
9.Qd2 Be7 10.Qf2 Nbd7 11.O-O-O b4 12.Nd5 Bxd5 13.exd5 a5 14.Kb1 a4 15.Nc1 Qa5
16.Bc4 O-O 17.g4 Rfc8 18.b3 Nc5 19.h4 e4 20.g5 exf3 21.gxf6 Ne4 22.Qxf3 Nc3+
23.Kb2 axb3 24.Bxb3 Qa3+ 25.Ka1 Nxa2 26.Nxa2 Rxc2 27.Bd4 Rxa2+ 28.Kb1 Bxf6
29.Bxf6 gxf6 30.Qg4+ Kf8 31.Bxa2 Qxa2+ 32.Kc1 b3  0-1

[Event "Alekhine op"]
[Site "Smolensk"]
[Date "1992.??.??"]
[Round "2"]
[White "Shchekachev, Andrei"]
[Black "Ginsburg, Gennadij"]
[Result "0-1"]
[WhiteElo "2475"]
[BlackElo "2395"]

1.e4 c5 2.Nf3 d6 3.d4 cxd4 4.Nxd4 Nf6 5.Nc3 a6 6.Be3 e6 7.Be2 b5 8.f4 Bb7
9.Bf3 Qc7 10.O-O Nbd7 11.a3 Be7 12.Qe2 O-O 13.g4 d5 14.exd5 Nxd5 15.Nxd5 Bxd5
16.Bxd5 exd5 17.Nf5 Rfe8 18.Qf2 Nf6 19.Bd4 Ne4 20.Qg2 Bc5 21.Rad1 Rad8 22.c3 Qc6
23.Qf3 Nd6 24.Nxd6 Bxd6 25.Rde1 Qc7 26.Kg2 Rxe1 27.Rxe1 Bxf4 28.Qxd5 Bxh2
29.Qe4 h6 30.Qe7 Rc8 31.Qxc7 Bxc7 32.Re7 Bd6 33.Rd7 Bc5 34.Be5 Rc6 35.Kf3 Re6
36.Rd5 Bb6 37.Kf4 f6 38.Bb8 Kf7 39.Rd7+ Kg6 40.Rb7 Bc5 41.Rd7 Rb6 42.b4 Bg1
43.Ba7 Rd6 44.Rxd6 Bh2+ 45.Ke4 Bxd6 46.Kd5 Bf4 47.c4 bxc4 48.Kxc4 Kg5 49.a4 Kxg4
50.a5 h5 51.b5 axb5+ 52.Kxb5 h4 53.a6 h3 54.Bg1 Be3  0-1

[Event "Alekhine op"]
[Site "Smolensk"]
[Date "1992.??.??"]
[Round "5"]
[White "Frolov, Artur"]
[Black "Petrushin, Alexander I"]
[Result "1-0"]
[WhiteElo "2510"]
[BlackElo "2390"]

1.e4 c5 2.Nf3 d6 3.d4 cxd4 4.Nxd4 Nf6 5.Nc3 a6 6.Be3 e6 7.f3 b5 8.g4 h6 9.h4 b4
10.Nce2 Nbd7 11.Rg1 Ne5 12.g5 hxg5 13.hxg5 Nfd7 14.b3 Nc5 15.Qd2 Bb7 16.O-O-O Qa5
17.Kb1 d5 18.Bf4 Ng6 19.exd5 Bxd5 20.Bg3 O-O-O 21.Bg2 Be7 22.c3 bxc3 23.Nxc3 Bb7
24.Na4  1-0

[Event "Alekhine op"]
[Site "Smolensk"]
[Date "1992.??.??"]
[Round "7"]
[White "Frolov, Artur"]
[Black "Ginsburg, Gennadij"]
[Result "1-0"]
[WhiteElo "2510"]
[BlackElo "2395"]

1.e4 c5 2.Nf3 d6 3.d4 cxd4 4.Nxd4 Nf6 5.Nc3 a6 6.Be3 e6 7.f3 b5 8.g4 Bb7
9.g5 Nfd7 10.Qd2 Qa5 11.Nb3 Qc7 12.Qf2 Nc6 13.O-O-O Nce5 14.Kb1 Rc8 15.Nd4 Be7
16.h4 Nc5 17.a3 O-O 18.h5 Na4 19.Nxa4 bxa4 20.g6 Qb8 21.h6 fxg6 22.hxg7 Rf7
23.Bh3 Nc4 24.Bc1 e5 25.Bxc8 Qxc8 26.Rxh7 Kxh7 27.Qh2+ Kxg7 28.Qh6+ Kg8 29.Rg1 Rf6
30.Rxg6+ Kf7 31.Qh7+ Ke8 32.Bg5 Rf7 33.Rg8+ Bf8 34.Rxf8+  1-0

[Event "St Martin op"]
[Site "St Martin"]
[Date "1992.??.??"]
[Round "8"]
[White "Gurevich, Ilya"]
[Black "Arnason, Jon L"]
[Result "0-1"]
[WhiteElo "2475"]
[BlackElo "2515"]

1.e4 c5 2.Nf3 d6 3.d4 cxd4 4.Nxd4 Nf6 5.Nc3 a6 6.Be3 e6 7.Be2 Be7 8.O-O Qc7
9.a4 Nc6 10.f4 O-O 11.Kh1 Re8 12.Bf3 Na5 13.Qd3 Bf8 14.Rad1 Rb8 15.b3 Bd7
16.Nde2 Nc6 17.g4 Bc8 18.g5 Nd7 19.Bg2 g6 20.Bg1 Nb4 21.Qg3 b6 22.h4 Bb7
23.h5 Bg7 24.Bd4 e5  0-1

[Event "Rilton Cup"]
[Site "Stockholm"]
[Date "1992.??.??"]
[Round "5"]
[White "Hellers, Ferdinand"]
[Black "Pigusov, Evgeny"]
[Result "1/2-1/2"]
[WhiteElo "2500"]
[BlackElo "2565"]

1.e4 c5 2.Nf3 d6 3.d4 cxd4 4.Nxd4 Nf6 5.Nc3 a6 6.Be3 e5 7.Nb3 Be6 8.f4 exf4
9.Bxf4 Nc6 10.Qe2 Be7 11.h3 Nd7 12.O-O-O Nde5 13.Nd5 Ng6 14.Bg3 Bxd5 15.exd5 Nce5
16.Kb1 Rc8 17.Nd2 O-O 18.h4 Bf6 19.h5 Ne7 20.Ne4 Nf5 21.Bf2 Nc4 22.c3 Bg5
23.Rh3 Re8 24.g4 Nh6 25.Bg2 Qd7 26.Qc2 Bf4 27.g5 Ng4 28.h6 Qb5 29.Ka1 Qxb2+
30.Qxb2 Nxb2 31.Rf1 Nc4 32.Bg1 Be5 33.hxg7 Bxg7 34.Rf4 f5 35.gxf6 Nxf6 36.Rxf6 Rxe4
37.Bxe4 Bxf6 38.Bxh7+ Kg7 39.Bf5 Rh8 40.Rxh8 Kxh8 41.Bc8 Bxc3+ 42.Kb1 Na5
43.Kc2 Bf6 44.Bb6 Nc4 45.Bf2 Na5 46.Bg3 Kg7 47.Bxd6 Nc4 48.Bf4 Be5 49.Bxe5+ Nxe5
50.Bxb7 Kf6 51.Kc3 Ke7 52.Kb4 Kd6 53.Ka5 Kc5 54.Kxa6 Kb4 55.Kb6 Ka3 56.Kc5 Kxa2
57.d6 Ka3 58.Bc8  1/2-1/2

[Event "SWZ-GP Suhr"]
[Site "Suhr"]
[Date "1992.??.??"]
[Round "5"]
[White "Gallagher, Joseph G"]
[Black "Kamber, Bruno"]
[Result "1-0"]
[WhiteElo "2510"]
[BlackElo "2290"]

1.e4 c5 2.Nf3 d6 3.d4 Nf6 4.Nc3 cxd4 5.Nxd4 a6 6.Be3 Qc7 7.Qd2 e6 8.f3 b5
9.g4 b4 10.Nce2 h6 11.O-O-O Nbd7 12.h4 Bb7 13.Rg1 g6 14.g5 hxg5 15.hxg5 Nh5
16.Bh3 O-O-O 17.Bxe6 fxe6 18.Nxe6 Qc4 19.Nxd8 Kxd8 20.b3 Qb5 21.Nd4 Qe5 22.Qxb4 Kc8
23.Qc4+ Qc5 24.Qf7 Ng7 25.Kb1 Ne5 26.Qf6 Qc3 27.Ne6 Nxe6 28.Qxe6+ Kb8 29.Bd4 Qc7
30.Bxe5 dxe5 31.Rd7 Bc8 32.Rxc7 Bxe6 33.Rc6 Bd7 34.Rxg6 Bc5 35.Rd1 Bd4 36.c3 Be8
37.Re6 Bxc3 38.Rxe8+  1-0

[Event "SWZ-chI op"]
[Site "?"]
[Date "1992.??.??"]
[Round "6"]
[White "Horvath, Tamas"]
[Black "Gruenenwald, Joerg"]
[Result "1/2-1/2"]
[WhiteElo "2280"]
[BlackElo "2325"]

1.e4 c5 2.Nf3 d6 3.d4 cxd4 4.Nxd4 Nf6 5.Nc3 a6 6.Be3 e5 7.Nf3 Qc7 8.a4 Be7
9.Be2 h6 10.O-O Be6 11.a5 Nbd7 12.Nd5 Bxd5 13.exd5 O-O 14.c4 Nh7 15.Nd2 Bg5
16.b4 f5 17.Bxg5 hxg5 18.Qb3 Kh8 19.Rfc1 e4 20.c5 Ne5 21.Nc4 Nxc4 22.Qxc4 Nf6
23.c6 Rfb8 24.b5 axb5 25.Qxb5 bxc6 26.Qxc6 Qe7  1/2-1/2

[Event "SWZ-chI op"]
[Site "?"]
[Date "1992.??.??"]
[Round "9"]
[White "Atlas, Valeri"]
[Black "Gruenenwald, Joerg"]
[Result "1-0"]
[WhiteElo "2450"]
[BlackElo "2325"]

1.e4 c5 2.Nf3 d6 3.d4 cxd4 4.Nxd4 Nf6 5.Nc3 a6 6.Be3 e5 7.Nf3 Qc7 8.a4 h6
9.a5 Be6 10.Nd5 Nxd5 11.exd5 Bg4 12.Be2 Bxf3 13.Bxf3 g6 14.Be2 Nd7 15.Qd2 Bg7
16.Ra2 e4 17.O-O O-O 18.c4 Kh7 19.b4 f5 20.Rc2 g5 21.f4 exf3 22.Bxf3 Rae8
23.c5 f4 24.Bf2 dxc5 25.d6 Qc8 26.bxc5 Ne5 27.c6 bxc6 28.Bxc6 Qf5 29.Bxe8 Rxe8
30.Rc7 Rd8 31.Rd1 Kh8 32.Qc2 Qe6 33.Re7 Qg4 34.h3 Qh5 35.Bd4 Nf7 36.d7  1-0

[Event "Tashkent"]
[Site "Tashkent"]
[Date "1992.??.??"]
[Round "?"]
[White "Zagrebelny, Sergey"]
[Black "Kaiumov, Dmitry D"]
[Result "0-1"]
[WhiteElo "2440"]
[BlackElo "2385"]

1.e4 c5 2.Nf3 d6 3.d4 cxd4 4.Nxd4 Nf6 5.Nc3 a6 6.Be3 e5 7.Nb3 Be6 8.f4 Ng4
9.Bd2 exf4 10.Bxf4 Nc6 11.Qd2 Be7 12.O-O-O O-O 13.Kb1 Rc8 14.Nd5 Bxd5 15.exd5 Nce5
16.h3 Nf6 17.g4 Re8 18.g5 Nh5 19.h4 Nxf4 20.Qxf4 g6 21.Nd2 f5 22.gxf6 Bxf6
23.Bh3 Rc7 24.Ne4 Rf8 25.h5 g5 26.Qf5 Kh8 27.Rdf1 Rcf7 28.Qe6 Nc4 29.Nxg5 Re7
30.Qxf6+ Rxf6 31.Rxf6 Re1+ 32.Rxe1 Qxf6  0-1

[Event "Uppsala op"]
[Site "Uppsala"]
[Date "1992.??.??"]
[Round "?"]
[White "Degerman, Lars"]
[Black "Astrom, Robert"]
[Result "1-0"]
[WhiteElo "2460"]
[BlackElo "2305"]

1.e4 c5 2.Nf3 d6 3.d4 cxd4 4.Nxd4 Nf6 5.Nc3 a6 6.Be3 e6 7.f3 b5 8.Qd2 Nbd7
9.g4 h6 10.O-O-O b4 11.Nce2 d5 12.exd5 Nxd5 13.Nf4 N7f6 14.Bc4 Nxe3 15.Qxe3 Qb6
16.Rhe1 Be7 17.h4 g5 18.hxg5 hxg5 19.Ng6 fxg6 20.Qxg5 Bd7 21.Nxe6 Rg8 22.Nc7+ Qxc7
23.Qxf6 O-O-O 24.Qxa6+ Kb8 25.Rxe7 Rh8 26.Bd5  1-0

[Event "Uppsala op"]
[Site "Uppsala"]
[Date "1992.??.??"]
[Round "?"]
[White "Ernst, Thomas"]
[Black "Astrom, Robert"]
[Result "1/2-1/2"]
[WhiteElo "2570"]
[BlackElo "2305"]

1.e4 c5 2.Nf3 d6 3.d4 cxd4 4.Nxd4 Nf6 5.Nc3 a6 6.Be3 e6 7.Qd2 b5 8.f3 Nbd7
9.g4 h6 10.O-O-O b4 11.Nce2 d5 12.exd5 Nxd5 13.Nf4 N7f6 14.Bc4 Bb7 15.Rhe1 Qd7
16.Ndxe6 fxe6 17.Nxe6 Kf7 18.Bd4 Rc8 19.Bb3 Be7 20.Bxf6 Bxf6 21.Bxd5 Qxd5
22.Qxd5 Bxd5 23.Rxd5 Rhe8 24.Rd7+ Kg8 25.f4 Rc4 26.Re2 g5 27.b3 Rc3 28.f5 Rf3
29.Red2 Bc3 30.Rd1 Rf2 31.h3 Rc8 32.Rd8+ Rxd8 33.Rxd8+ Kf7 34.Kd1 Rh2 35.Rd3 Rh1+
36.Ke2 Rh2+ 37.Kf1 Rxc2 38.Rd7+ Kf6 39.Rh7 Ke5 40.Rxh6 Ke4 41.Nxg5+ Kf4 42.Rg6 Rd2
43.f6 Rd1+ 44.Ke2 Rd2+  1/2-1/2

[Event "Warsaw op"]
[Site "Warsaw"]
[Date "1992.??.??"]
[Round "3"]
[White "Sulskis, Sarunas"]
[Black "Vaulin, Alexander"]
[Result "0-1"]
[WhiteElo "2350"]
[BlackElo "2520"]

1.e4 c5 2.Nf3 d6 3.d4 cxd4 4.Nxd4 Nf6 5.Nc3 a6 6.Be3 e5 7.Nf3 Be7 8.Bc4 O-O
9.O-O Qc7 10.Bb3 Be6 11.Qe2 Re8 12.Rfd1 Nbd7 13.Bg5 Rac8 14.h3 b5 15.Nd2 b4
16.Nd5 Bxd5 17.exd5 Nc5 18.Bxf6 Bxf6 19.Ne4 Nxe4 20.Qxe4 Qc5 21.h4 Bd8 22.Rd3 Rf8
23.a3 bxa3 24.Rxa3 f5 25.Qe2 a5 26.Ba4 Qa7 27.Rab3 Bxh4 28.Rh3 Bf6 29.Rb5 g6
30.Qd2 Bd8 31.Rhb3 Rf7 32.c3 Kg7 33.Ra3 e4 34.Bd1 Re7 35.Kf1 Rb8 36.c4 Rxb5
37.cxb5 Qc5 38.Qc3+ Qxc3 39.Rxc3 Kf6 40.Rc8 Bc7 41.Ra8 Bb6 42.Ra6 Rb7 43.Be2 Rb8
44.b3 Ke5 45.Bc4 h5  0-1

[Event "Warsaw op"]
[Site "Warsaw"]
[Date "1992.??.??"]
[Round "4"]
[White "Zezulkin, Jurij"]
[Black "Neverov, Valeriy"]
[Result "1-0"]
[WhiteElo "2440"]
[BlackElo "2520"]

1.e4 c5 2.Nf3 d6 3.d4 cxd4 4.Nxd4 Nf6 5.Nc3 a6 6.Be3 e6 7.Be2 b5 8.Bf3 e5
9.Nb3 Bb7 10.a4 b4 11.Nd5 Nxd5 12.exd5 a5 13.Be2 Be7 14.Bb5+ Nd7 15.Qg4 g6
16.O-O-O f5 17.Qc4 f4 18.Bxf4 exf4 19.Qxf4 Rf8 20.Qe4 Rf6 21.Nd4 Kf8 22.Rhe1 Nc5
23.Qe3 Rf7 24.h4 Rc8 25.Bc6 Bf6 26.g3 Kg8 27.h5 Qf8 28.hxg6 hxg6 29.Ne6 Nxe6
30.Bxb7 Bg5 31.f4 Nxf4 32.Kb1 Rxb7 33.gxf4 Bxf4 34.Qe6+ Kg7 35.Rd4 Be5 36.Rh4 Qf5
37.Qxf5 gxf5 38.Rg1+ Kf8  1-0

[Event "Warsaw op"]
[Site "Warsaw"]
[Date "1992.??.??"]
[Round "7"]
[White "Kislov, Mikhail"]
[Black "Wiech, Grzegorz"]
[Result "1-0"]
[WhiteElo "2410"]
[BlackElo "2245"]

1.e4 c5 2.Nf3 d6 3.d4 cxd4 4.Nxd4 Nf6 5.Nc3 a6 6.Be3 e6 7.Qf3 Nc6 8.O-O-O Nxd4
9.Rxd4 Bd7 10.Be2 Bc6 11.g4 h6 12.h4 h5 13.gxh5 Nxh5 14.Bg5 Be7 15.Rg1 Bxg5+
16.Rxg5 g6 17.Qe3 Qe7 18.f4 Nxf4 19.Qg3 Nxe2+ 20.Nxe2 O-O-O 21.Nc3 e5 22.Rd2 Kb8
23.b3 Rh6 24.Rh2 Rdh8 25.Rg4 Rh5 26.Kb2 g5 27.Rf2 Rxh4 28.Rxg5 Rh3 29.Rg8+ Ka7
30.Qg7 R8h7 31.Qg4 Qc7 32.Rc8 Qa5 33.Rf3 Bd7 34.Qg1+ b6 35.Rc7+ Kb8 36.Rxd7  1-0

[Event "Warsaw op"]
[Site "Warsaw"]
[Date "1992.??.??"]
[Round "11"]
[White "Zezulkin, Jurij"]
[Black "Kruppa, Yuri"]
[Result "0-1"]
[WhiteElo "2440"]
[BlackElo "2475"]

1.e4 c5 2.Nf3 d6 3.d4 cxd4 4.Nxd4 Nf6 5.Nc3 a6 6.Be3 e6 7.f4 b5 8.e5 dxe5
9.fxe5 Nd5 10.Nxd5 Qxd5 11.Be2 Qxe5 12.Qd2 Bb7 13.Bf4 Qc5 14.O-O-O Be7 15.Nb3 Qc8
16.Na5 Bd5 17.Qe3 Nc6 18.Rxd5 Nxa5 19.Rh5 Nc4 20.Qe4 f5 21.Qf3 O-O 22.Kb1 Bf6
23.Bc1 g6 24.Rh6 Qc7 25.h4 Rac8 26.Bd1 Bxb2 27.Bxb2 Nd2+ 28.Ka1 Nxf3 29.Bxf3 Qf4
30.Bc1 Qd4+ 31.Bb2 Qd2  0-1

[Event "Wisla BES op"]
[Site "Wisla"]
[Date "1992.??.??"]
[Round "9"]
[White "Lukasiewicz, Anna"]
[Black "Jakubiec, Artur"]
[Result "1-0"]
[WhiteElo "2145"]
[BlackElo "2315"]

1.e4 c5 2.Nf3 d6 3.d4 Nf6 4.Nc3 cxd4 5.Nxd4 a6 6.Be3 e5 7.Nf3 Qc7 8.a4 Be7
9.a5 O-O 10.Be2 h6 11.O-O Be6 12.Nd5 Nxd5 13.exd5 Bf5 14.c4 Bh7 15.b4 Nd7
16.Nd2 g5 17.Nb3 e4 18.Rc1 Ne5 19.c5 Qd7 20.Bd4 Qf5 21.Bxe5 Qxe5 22.Qd4 Qf5
23.c6 Bf6 24.Qd1 bxc6 25.dxc6 Qe5 26.c7 d5 27.Bxa6 Bf5 28.Bb7 e3 29.fxe3 Rae8
30.Kh1 Bc8 31.Qxd5 Qxe3 32.Bxc8 Re5 33.Qd1 Rxc8 34.Rxf6 Kg7 35.Rf3 Qxc1 36.Qxc1  1-0

[Event "Wisla BES op"]
[Site "Wisla"]
[Date "1992.??.??"]
[Round "9"]
[White "Gorelov, Sergey G"]
[Black "Loginov, Valery A"]
[Result "1-0"]
[WhiteElo "2435"]
[BlackElo "2540"]

1.e4 c5 2.Nf3 d6 3.d4 cxd4 4.Nxd4 Nf6 5.Nc3 a6 6.Be3 e5 7.Nf3 Qc7 8.a4 Be7
9.a5 O-O 10.Be2 Nbd7 11.O-O b5 12.axb6 Nxb6 13.Nd2 Bb7 14.Bxb6 Qxb6 15.Nc4 Qc7
16.Ne3 Nxe4 17.Ned5 Bxd5 18.Nxd5 Qb7 19.Bf3 f5 20.Qd3 Ra7 21.Nc3 g6 22.b3 Kg7
23.Nxe4 fxe4 24.Bxe4 Qb6 25.g3 a5 26.Kg2 Rf6 27.Ra4 Bd8 28.Bd5 Re7 29.h4 Rc7
30.Re4 Qc5 31.c4 Re7 32.h5 gxh5 33.Rh4 Bb6 34.Qd2 h6 35.Rxh5 Re8 36.Qe2 Ref8
37.Qg4+ Rg6 38.Qd7+ Kh8 39.Rf5 Qc8 40.Rxf8+ Qxf8 41.Be4 Rg7 42.Qe6 Rf7 43.f3 Rf6
44.Qd7 Rf7 45.Qb5 Qd8 46.Rh1 Be3 47.Qd5 Rg7 48.Qe6 Qg5 49.Rh3 Bc1 50.Qxd6 Qd2+
51.Qxd2 Bxd2 52.c5 Kg8 53.c6 Kf8 54.Kf2 Ke8 55.Rh1 Bg5 56.Rd1 Bd8 57.Rd6 h5
58.Bg6+ Ke7 59.Rd7+ Kf6 60.Rxd8 Kxg6 61.Rd5 Rc7 62.Rc5 Kf6 63.Ke3 Ke6 64.Ke4 Kd6
65.Rc2 Ke6 66.Rh2 a4 67.Rxh5 axb3 68.Rxe5+ Kf6 69.Rb5 Rxc6 70.Rxb3 Rc4+ 71.Ke3 Rc2
72.Rb6+ Kf5 73.Rb5+ Kf6 74.g4 Rg2 75.Kf4  1-0

[Event "Wisla BES op"]
[Site "Wisla"]
[Date "1992.??.??"]
[Round "9"]
[White "Zyla, Janusz"]
[Black "Skalik, Przemyslaw"]
[Result "1/2-1/2"]
[WhiteElo "2300"]
[BlackElo "2375"]

1.e4 c5 2.Nf3 d6 3.d4 cxd4 4.Nxd4 Nf6 5.Nc3 a6 6.Be3 e5 7.Nf3 Qc7 8.a4 Be7
9.a5 O-O 10.Be2 Qc6 11.Nd5 Nxd5 12.exd5 Qe8 13.Nd2 f5 14.f3 Qg6 15.g3 f4
16.Bf2 Bf5 17.Rc1 e4 18.fxe4 fxg3 19.hxg3 Bxe4 20.Nxe4 Qxe4 21.O-O Bg5 22.Bd3 Qe8
23.Rb1 Nd7 24.Qg4 Ne5 25.Qh3 Bh6 26.Be2 Qg6 27.Qe6+ Qxe6 28.dxe6 Rfe8 29.Bd4 Rxe6
30.Bxe5 Rxe5 31.Bf3 Rxa5 32.Bxb7 Be3+ 33.Kg2 Rb8 34.b4 Ra3 35.Bd5+ Kh8 36.Rf3 Rc3
37.Be4 g6 38.Rd1 Rxb4 39.Bd3 Bc5 40.Rh1 Kg7 41.Ra1 Rb6 42.Ra2 Bd4 43.Bxa6 Rc7
44.Bd3 Rb1 45.Rf1 Rxf1 46.Bxf1 Re7 47.Ra4 Bc5 48.Bd3 Re1 49.Re4 Rg1+ 50.Kh2 Rd1
51.Kg2 Kf6 52.Rf4+ Kg5 53.Re4 Ba3 54.Kf3 Bb2 55.Rg4+ Kf6 56.Rf4+ Kg7 57.Re4 Be5
58.Kg2 h5 59.Re2 Ra1 60.Re4 Rb1 61.Ra4 Kf6 62.Ra8 Kg7 63.Ra4 Kf6 64.Ra8 Rb4
65.Rf8+ Kg7 66.Rf3 Ra4 67.Re3 Ra1 68.Re4 Kh6 69.Rc4 Rd1 70.Re4 g5 71.Re2 g4
72.Re4 Kg5 73.Re2 h4 74.gxh4+ Kxh4 75.Re4 Rc1 76.Be2 Rxc2 77.Rxg4+ Kh5 78.Re4+ Kg5
79.Kf3 Kf6 80.Ra4 Rc3+ 81.Ke4 Rh3 82.Kd5 Re3 83.Ra2 Bf4 84.Bc4  1/2-1/2

[Event "Wuerzburg op"]
[Site "Wuerzburg"]
[Date "1992.??.??"]
[Round "?"]
[White "Orlowski, Juergen"]
[Black "Fuchs, Bruce"]
[Result "0-1"]
[WhiteElo "2275"]
[BlackElo "2230"]

1.e4 c5 2.Nf3 d6 3.d4 cxd4 4.Nxd4 Nf6 5.Nc3 a6 6.Be3 e6 7.f3 Be7 8.Qd2 Nc6
9.g4 O-O 10.h4 Nd7 11.O-O-O Nxd4 12.Bxd4 b5 13.g5 b4 14.Ne2 a5 15.Rg1 Bb7
16.h5 Ne5 17.Qe3 Nc4 18.Qb3 Ba6 19.f4 e5 20.Bxe5 a4 21.Qxb4 dxe5  0-1

[Event "Zuerich op"]
[Site "Zuerich"]
[Date "1992.??.??"]
[Round "?"]
[White "Brendel, Oliver"]
[Black "Chiong, Luiz"]
[Result "1-0"]
[WhiteElo "2350"]
[BlackElo "2365"]

1.e4 c5 2.Nf3 d6 3.d4 cxd4 4.Nxd4 Nf6 5.Nc3 a6 6.Be3 e5 7.Nf3 Qc7 8.a4 Be7
9.a5 O-O 10.Be2 h6 11.O-O Be6 12.Nd5 Nxd5 13.exd5 Bf5 14.c4 Nd7 15.b4 Bh7
16.Rc1 Rac8 17.Qb3 Kh8 18.Nd2 f5 19.f4 exf4 20.Bxf4 Ne5 21.Nf3 Nxf3+ 22.Bxf3 Bg5
23.Qe3 Bxf4 24.Qxf4 b6 25.c5 bxc5 26.bxc5 dxc5 27.Qxc7 Rxc7 28.Rfd1 Rd8 29.d6 Rcc8
30.Bb7 Rb8 31.Bxa6 Bg8 32.Rxc5 Be6 33.d7 Bb3 34.Re1 Kg8 35.Re8+ Kf7 36.Rxf5+ Kg6
37.Rxd8 Rxd8  1-0

[Event "Alcobendas op"]
[Site "Alcobendas"]
[Date "1993.??.??"]
[Round "1"]
[White "De la Villa Garcia, Jesus Maria"]
[Black "Lucas, Flavien"]
[Result "1-0"]
[WhiteElo "2440"]
[BlackElo "2260"]

1.e4 c5 2.Nf3 d6 3.d4 cxd4 4.Nxd4 Nf6 5.Nc3 a6 6.Be3 b5 7.a4 e5 8.Nb3 b4
9.Nd5 Nbd7 10.Nxb4 Bb7 11.f3 Nxe4 12.fxe4 Qh4+ 13.Kd2 Qxe4 14.Nd3 d5 15.Qh5 d4
16.Bxd4 g6 17.Qh3 Qd5 18.Re1 e4 19.Bxh8  1-0

[Event "Alushta op"]
[Site "Alushta"]
[Date "1993.??.??"]
[Round "?"]
[White "Varavin, Viktor"]
[Black "Berkovich, Dmitry"]
[Result "1-0"]
[WhiteElo "2460"]
[BlackElo "2465"]

1.e4 c5 2.Nf3 d6 3.d4 cxd4 4.Nxd4 Nf6 5.Nc3 a6 6.Be3 e6 7.f3 Qc7 8.g4 Nfd7
9.g5 b5 10.Bg2 Bb7 11.O-O Nb6 12.f4 N8d7 13.Kh1 Nc5 14.a3 Nba4 15.Nxa4 Nxa4
16.Qe2 Nxb2 17.Nxb5 Qc4 18.Nd4 Qxe2 19.Nxe2 Nc4 20.Rfb1 O-O-O 21.Bd4 e5 22.Bb6 Nxb6
23.Rxb6 Kc7 24.Rab1 Rb8 25.Nc3 Be7 26.Rxb7+ Rxb7 27.Nd5+ Kb8 28.Rxb7+ Kxb7
29.Nxe7 Kb6 30.Bf1 exf4 31.Nd5+ Kb7 32.Kg2 h6 33.gxh6 g5 34.Ne7 Rxh6 35.Nf5 Rh7
36.Nxd6+ Kc6 37.Nf5 a5 38.Nd4+ Kb6 39.h3 f6 40.a4 Rc7 41.Bd3 Rc3 42.Nb3 Rc8
43.c4 Rd8 44.c5+ Kc7 45.Be2 Re8 46.Bd3 Rd8 47.Bb5 Rd1 48.Nxa5 Rd2+ 49.Kg1 Rd1+
50.Kf2 Rd2+ 51.Kf3 Rh2 52.Nc4 Rxh3+ 53.Ke2 g4 54.Nb6 Rh2+ 55.Kd3 Rh3+ 56.Kd4 g3
57.Nd5+ Kb8 58.Nxf4 Rh2 59.Ke3 Rc2 60.Kf3 Rxc5 61.Kxg3 Re5 62.Bd3 Ka7 63.Nd5 f5
64.Kf4  1-0

[Event "Alushta op"]
[Site "Alushta"]
[Date "1993.??.??"]
[Round "?"]
[White "Varavin, Viktor"]
[Black "Tataev, Manach"]
[Result "1-0"]
[WhiteElo "2460"]
[BlackElo "2340"]

1.e4 c5 2.Nf3 d6 3.d4 cxd4 4.Nxd4 Nf6 5.Nc3 a6 6.Be3 e6 7.f3 Qc7 8.g4 Nc6
9.Qd2 Be7 10.O-O-O O-O 11.g5 Ne8 12.h4 b5 13.h5 Nxd4 14.Bxd4 b4 15.Nb1 Rb8
16.b3 e5 17.Be3 Be6 18.Kb2 a5 19.Bh3 Bxh3 20.Rxh3 Qd7 21.Qg2 Qe6 22.Nd2 Nc7
23.Rg1 d5 24.g6 fxg6 25.hxg6 hxg6 26.Rg3 Rf6 27.Bg5 Rf7 28.Bxe7 Qxe7 29.Rxg6 Ne6
30.Qh2 Qc7 31.Rh6 Qc3+ 32.Kb1 Rc7 33.Nc4 dxc4 34.Qh5 Kf8 35.Rxe6 cxb3 36.Qh8+ Kf7
37.Qxg7+  1-0

[Event "Ano Liosia op"]
[Site "Ano Liosia"]
[Date "1993.??.??"]
[Round "7"]
[White "Mainka, Romuald"]
[Black "Rytshagov, Mikhail"]
[Result "1/2-1/2"]
[WhiteElo "2515"]
[BlackElo "2465"]

1.e4 c5 2.Nf3 d6 3.d4 cxd4 4.Nxd4 Nf6 5.Nc3 a6 6.Be3 e6 7.Be2 Be7 8.O-O O-O
9.f4 Nc6 10.a4 Qc7 11.Kh1 Re8 12.Qd2 Bd7 13.Bd3 Rac8 14.Nxc6 Bxc6 15.a5 Nd7
16.Qf2 Bf6 17.Ra3 Qd8 18.Qg3 Qc7 19.Bd2 Nc5 20.e5  1/2-1/2